La Importancia de los tipos de exportaciones de Centroamérica
Se resalta la importancia del tipo de exportaciones a nivel centroamericano según las condiciones históricas y culturales de cada país. La inseción al mercado internacional se analiza desde el punto de vista de que es una meta a cumplir por parte de cada región y es por ello que se han tomado divers...
Uloženo v:
| Médium: | Text |
|---|---|
| Témata: | |
| Tagy: |
Přidat tag
Žádné tagy, Buďte první, kdo vytvoří štítek k tomuto záznamu!
|
MARC
| LEADER | 00000 a a2200000 04500 | ||
|---|---|---|---|
| 001 | 3491 | ||
| 003 | |||
| 040 | |||
| 245 | |a La Importancia de los tipos de exportaciones de Centroamérica | ||
| 520 | |a Se resalta la importancia del tipo de exportaciones a nivel centroamericano según las condiciones históricas y culturales de cada país. La inseción al mercado internacional se analiza desde el punto de vista de que es una meta a cumplir por parte de cada región y es por ello que se han tomado diversas políticas para alcanzarla. En términos generales,se resalta, que el desarrollo regional es determinante para lograr la participación adecuada en el mercado y por ello se debe rescatar la producción e integración regional | ||
| 650 | |a COMERCIO | ||
| 650 | |a EXPORTACIONES | ||
| 650 | |a POLITICA COMERCIAL | ||
| 650 | |a DESARROLLO REGIONAL | ||
| 650 | |a EXPORTACIONES | ||
| 773 | |g volumen 51; páginas 521-530 | ||
| 999 | |c 39273 |d 39273 | ||
